00549nam a2200193 a 4500001001300000003000900013005001700022008004100039020001000080082001600090100002400106245005800130260004300188300000900231500003500240505002000275650003600295700002400331nice12345678IN_TiNIC20260116014747.0070402s0000 alia grp 000 0 eng  ac40000a297.82bABU aAbu Zahra, Muhammad aFour Imamsb The Lives and Teaching of Their Founders aAligarh bPremier Publishing Co.c0000 a518p aincludes index and biblioraphy2 aglossary, index aIslam-Sects-conflicts-ahmadiyya1 aAbu Zahra, Muhammad